000
00209 a2200097 4500
001
35035
100
_a
Ballaney P L
245
_a
Applied thermodynamics
260
_a
ND
_b
Khanna Pub
_c
090
_c
23183
_d
23183
942
_a
NUST-CAE
_c
M
_c
14651
999
_c
270108
_d
270108